Click the Countries - Statistics

General Stats
  • This quiz has been taken 34 times
  • The average score is 10 of 11
Answers on the Map
Answers color-coded by a green-red scale on the quiz's map according to % correct below.
 
Answer Stats
Answer % Correct
china
100%
India
100%
australia
96%
france
96%
germany
96%
japan
96%
USA
96%
south africa
92%
algeria
88%
Ghana
88%
benin
73%
No matching quizzes found
Score Distribution
Percent of People with Each Score
Percentile by Number Answered
Your Score History
You have not taken this quiz